00463pab a2200157 454500008004000000100001600040245011600056260000900172300001500181362000800196650001300204650001400217700001800231700002500249773003100274180718b2014 xxu||||| |||| 00| 0 eng d aMau, Gunnar aConsumer socialization, buying decisions, and consumer behaviour in children: introduction to the special issue c2014 ap.155-160. aJun aChildren aConsumers aReisch, Lucia aSchramm-Klein, Hanna aJournal of Consumer Policy